| 000 | 00697nam a2200229Ia 4500 | ||
|---|---|---|---|
| 003 | OSt | ||
| 005 | 20230531112614.0 | ||
| 008 | 210423s2014 xx 000 0 und d | ||
| 020 | _a978-81-316-0635-3 | ||
| 040 | _cAL | ||
| 041 | _aeng | ||
| 082 | _a361.3 RAMG | ||
| 100 |
_aRAMANATHAN (Chathapuram S);DUTTA (Subhabrata) _9117696 |
||
| 245 |
_aGovernance development and social work _cDUTTA (Subhabrata);RAMANATHAN (Chathapuram S) |
||
| 260 |
_aJaipur _bRawat Publications _c2014 |
||
| 300 |
_axx,280p _bHB |
||
| 365 |
_b975 _cINR |
||
| 650 |
_aSocial Problems & Services _9117697 |
||
| 650 |
_aSocial Work _9117698 |
||
| 906 | _adevelopment ; Governance ; social ; work | ||
| 942 |
_2ddc _cBK |
||
| 999 |
_c176378 _d176378 |
||